Follow That Line: Elf Quiz Stats

 Plays Quiz Updated Nov 20, 2018

Support Sporcle.
Go Orange.
Score 0/22 Timer 05:00
2 Plays Today
% Correct
Candy, candy canes, candy corns and syrup.
93.7%
is singing loud for all to hear.
92.6%
and for her boyfriend to stop dragging his feet.
91.9%
Are you sure it had nothing to do with the fact that I was naked in the shower?
91.8%
I just like to smile, smiling's my favorite.
91.6%
It isn’t free candy.
91.2%
I'm a human... raised by humans.
90.8%
Why not? He loves the snow. He's told me 15 times.
90.8%
Francisco... Frannncisco... Franciscooo...
90.7%
They're GINORMOUS!
90.1%
Get out of my life! Now!
89.9%
% Correct
You don't smell like Santa.
88.4%
Except it smells like mushrooms and everyone looks like they want to hurt me.
88.2%
No it's not. Where's the snow?
87.1%
but they're self-conscious about the way their pee smells.
86.8%
You're six-foot-three and had a beard since you were fifteen.
85.9%
that doesn't mean that they're letting you look at the new toys before Christmas.
85.1%
You should be on a Christmas card!
84.6%
Your father, he's on the naughty list.
83.5%
I've got houses in L.A., Paris and Vail. In each one, a 70 inch plasma screen.
81.9%
that shares my affinity for elf culture.
76.5%
What's your favorite color?
73.1%

From the Vault

Vertebrate Classes Blitz

by jayrodss7

Science 15s
Only 2% of species are vertebrates, but try finding someone with an invertebrate favorite.
Remove Ads.
Support Sporcle.
Get the best of Sporcle when you Go Orange. This ad-free experience offers more features, more stats, and more fun while also helping to support Sporcle. Thank you for becoming a member.

Show Comments

Extras

Top Quizzes Today


Score Distribution

Your Account Isn't Verified!

In order to create a playlist on Sporcle, you need to verify the email address you used during registration. Go to your Sporcle Settings to finish the process.

Report this User

Report this user for behavior that violates our Community Guidelines.

Details: